| 000 | 01618nam0a2200301 i 4500 | ||
|---|---|---|---|
| 001 | RU\NLR\bibl\2018657 | ||
| 005 | 20240921190311.0 | ||
| 010 |
_a9785441701358 _9500 |
||
| 021 |
_aRU _b2013-19695 _91387 |
||
| 035 | _a(NLR Aleph) 002007007 | ||
| 090 |
_a4433398 _c4433398 |
||
| 100 | _a20130402d2012 u y0rusy50 ca | ||
| 101 | 0 | _arus | |
| 102 | _aRU | ||
| 105 | _aa ||||||||| | ||
| 200 | 1 |
_aУчебная геодезическая практика _eучебное пособие для студентов, обучающихся по программам высшего профессионального образования по направлению подготовки 270800.62 - Строительство _fС.В. Артамонова _gМ-во образования и науки Рос. Федерации, Федер. гос. бюджет. образоват. учреждение высш. проф. образования "Оренб. гос. ун-т" |
|
| 210 |
_aОренбург _cУниверситет _d2012 |
||
| 215 |
_a122 с. _cил. _d21 |
||
| 320 | _aБиблиогр.: с. 117 | ||
| 606 | 1 |
_aГеодезия _jУчебные издания для высших учебных заведений _xПолевая практика _9901546 _3RU\NLR\AUTH\66327845 |
|
| 686 | _aД12я73 | ||
| 700 | 1 |
_4070 _aАртамонова _bС. В. _cканд. геогр. наук _gСветлана Владимировна _9177902 _3RU\NLR\AUTH\770177953 |
|
| 801 | 0 |
_aRU _bNLR _c20130402 _gRCR |
|
| 801 | 1 |
_aRU _bNLR _c20130402 |
|
| 942 | _cBOOK | ||
| 980 | _aNBR | ||